La Incorporación de la perspectiva de género en los programas de atención a personas menores de edad víctimas de explotación sexual comercial

Gespeichert in:
Bibliographische Detailangaben
Format: Text
Schlagworte:
Tags: Tag hinzufügen
Keine Tags, Fügen Sie den ersten Tag hinzu!

MARC

LEADER 00000 a a2200000 04500
001 2189
003
040
245 |a La Incorporación de la perspectiva de género en los programas de atención a personas menores de edad víctimas de explotación sexual comercial  
650 |a EXPLOTACION SEXUAL COMERCIAL  
650 |a MENORES DE EDAD  
650 |a ANALISIS DE GENERO  
773 |g número 4; páginas 26-31  
999 |c 32153  |d 32153